000 00247nam a2200097 4500
999 _c515027
_d515027
082 _aTNC A38 g155
100 _aSajandas, Gangaram
_920103
245 _aFlowers and fruits
260 _aPoona
_bSt. Mira's English Medium School
_c1967
300 _a85p.